| 000 | 01061pam a2200301 a 4500 | ||
|---|---|---|---|
| 999 |
_c7708 _d7708 |
||
| 001 | 1124538 | ||
| 003 | GZU | ||
| 005 | 20210512100330.0 | ||
| 008 | 940525s1995 njuab b 001 0 eng | ||
| 010 | _a 94019435 | ||
| 020 | _a0131572563 | ||
| 040 |
_aDLC _cDLC _dDLC |
||
| 050 | 0 | 0 |
_aHG4529 _b.FIS 1995 |
| 082 | 0 | 0 |
_a332.63/2 _220 |
| 100 | 1 | _aFischer, Donald E. | |
| 245 | 1 | 0 |
_aSecurity analysis and portfolio management / _cDonald E. Fischer, Ronald J. Jordan. |
| 246 | 1 | 4 | _aSecurity analysis & portfolio management |
| 250 | _a6th ed. | ||
| 260 |
_aEnglewood Cliffs, N.J. : _bPrentice Hall, _cc1995. |
||
| 300 |
_axi, 691 p. : _bill., map ; _c25 cm. |
||
| 504 | _aIncludes bibliographical references and index. | ||
| 650 | 0 | _aInvestment analysis. | |
| 650 | 0 | _aPortfolio management. | |
| 700 | 1 | _aJordan, Ronald J. | |
| 906 |
_a7 _bcbc _corignew _d1 _eocip _f19 _gy-gencatlg |
||
| 942 |
_2lcc _cBK _e6th ed. _h4521 _iFIS _kHG |
||